Normal view
MARC view
Entry Topical Term
001 - CONTROL NUMBER
- control field: 254428
003 - CONTROL NUMBER IDENTIFIER
- control field: OSt
005 - DATE AND TIME OF LATEST TRANSACTION
- control field: 20260211111545.0
008 - FIXED-LENGTH DATA ELEMENTS
- fixed length control field: 260211|| aca||aabn | a|a d
040 ## - CATALOGING SOURCE
- Original cataloging agency: OSt
- Transcribing agency: OSt
150 ## - HEADING--TOPICAL TERM
- Topical term or geographic name entry element: atmakathana
670 ## - SOURCE DATA FOUND
- Source citation: Work cat.: (OSt)142650: PREMA KARANTA ಪ್ರೇಮಾ ಕಾರಂತ 254425, Solisabeda gelisayya: Atmakathana, 2010